Statistics for Biggest US Cities of 1800

Click here to take the quiz!

General Stats

  • This quiz has been taken 1,455 times
  • The average score is 11 of 33

Answer Stats

PopulationCity% Correct
60515New York, NY
99%
24937Boston, MA
96%
41220Philadelphia, PA
92%
26514Baltimore, MD
78%
3210Washington, DC
77%
5737Richmond, VA
71%
18824Charleston, SC
68%
5289Albany, NY
64%
7614Providence, RI
64%
3523Hartford, CT
53%
5146Savannah, GA
44%
4049New Haven, CT
41%
3704Portland, ME
39%
6926Norfolk, VA
36%
9457Salem, MA
35%
6739Newport, RI
24%
4971Alexandria, DC
17%
2503York, PA
13%
10718Northern Liberties, PA
12%
5339Portsmouth, NH
11%
4361New Bedford, MA
9%
4292Lancaster, PA
9%
9621Southwark, PA
8%
5150New London, CT
8%
2993Georgetown, DC
6%
5617Nantucket, MA
5%
3521Petersburg, VA
4%
5313Gloucester, MA
4%
5289Schenectady, NY
3%
5946Newburyport, MA
2%
3664Hudson, NY
2%
5211Marblehead, MA
1%
4458Middleborough, MA
1%

Score Distribution

Percentile by Number Answered

Percent of People with Each Score

Your Score History

You have not taken this quiz